Nietzsche y el nietzscheanismo / (Record no. 10385)

MARC details
000 -LEADER
campo de control de longitud fija 00865nam a2200277 i 4500
001 - NÚMERO DE CONTROL
campo de control 10385
003 - IDENTIFICADOR DE NÚMERO DE CONTROL
campo de control ES-MaACL
005 - FECHA Y HORA DE LA ÚLTIMA TRANSACCIÓN
campo de control 20230906145858.0
007 - CAMPO FIJO DE DESCRIPCIÓN FÍSICA--INFORMACIÓN GENERAL
campo de control de longitud fija t|
008 - DATOS DE LONGITUD FIJA--INFORMACIÓN GENERAL
campo de control de longitud fija 950529s1995 sp ||||1| spa d
020 ## - NÚMERO INTERNACIONAL ESTÁNDAR DEL LIBRO
Número Internacional Estándar del Libro 84-206-2794-1
080 ## - NÚMERO DE LA CLASIFICACIÓN DECIMAL UNIVERSAL
Número de la Clasificación Decimal Universal 92 Nietzsche,F.
080 ## - NÚMERO DE LA CLASIFICACIÓN DECIMAL UNIVERSAL
Número de la Clasificación Decimal Universal 1 Nietzsche,F.
080 ## - NÚMERO DE LA CLASIFICACIÓN DECIMAL UNIVERSAL
Número de la Clasificación Decimal Universal 141.33
100 1# - ENTRADA PRINCIPAL--NOMBRE DE PERSONA
Nombre de persona Nolte, Ernst.
9 (RLIN) 85925
245 10 - MENCIÓN DEL TÍTULO
Título Nietzsche y el nietzscheanismo /
Mención de responsabilidad, etc. Ernst Nolte ; versión española de Teresa Rocha Barco.
260 ## - PUBLICACIÓN, DISTRIBUCIÓN, ETC.
Lugar de publicación, distribución, etc. Madrid :
Nombre del editor, distribuidor, etc. Alianza,
Fecha de publicación, distribución, etc. D.L. 1995.
300 ## - DESCRIPCIÓN FÍSICA
Extensión 299 p. ;
Dimensiones 20 cm.
490 1# - MENCIÓN DE SERIE
Mención de serie Alianza universidad ;
Designación de volumen o secuencia 794
500 ## - NOTA GENERAL
Nota general Indices.
600 14 - PUNTO DE ACCESO ADICIONAL DE MATERIA--NOMBRE DE PERSONA
Nombre de persona Nietzsche, Friedrich,
Fechas asociadas al nombre 1844-1900-
Subdivisión general Crítica e interpretación
9 (RLIN) 85721
700 1# - ENTRADA AGREGADA--NOMBRE PERSONAL
Nombre de persona Rocha Barco, Teresa.
9 (RLIN) 98052
830 0# - PUNTO DE ACCESO ADICIONAL DE SERIE-TÍTULO UNIFORME
Título uniforme Alianza universidad ;
Designación de volumen o secuencia 794
9 (RLIN) 177276
852 ## - LOCALIZACIÓN
Ubicación ES-MaACL
Número de control de estantería L-17918
Sublocalización o colección R.123898
Holdings
Estatus retirado Estado de pérdida Estado de daño No para préstamo Biblioteca de origen Biblioteca actual Ubicación en estantería Fecha de adquisición Fuente de adquisición Total de préstamos Signatura topográfica completa Código de barras Visto por última vez Precio de reemplazo Tipo de ítem Koha
        Biblioteca del Ateneo de Madrid Biblioteca del Ateneo de Madrid Depósito 2 17/01/2008     L-17918 1010595 23/02/2023 23/02/2023 Libro impreso